Szczegóły MARC21

Wstęp do fizyki. T. 2, cz. 1 /

003 -Nazwa inst., której nr kontr. jest w polu 001 [,]
    • @
    • Nazwa instytucji, której n kontrolny jest w polu 001
    • NUKAT
005 -DATA I CZAS OSTATNIEJ MODYFIKACJI [,]
    • @
    • pole kontrolne
    • 20241231091449.0
020 -Międzynarod. znormalizowany nr książki - ISBN [ , ]
    • a
    • Numer ISBN
    • 8301070129 Find
040 -Instytucja sporządzająca opis [ , ]
    • a
    • Instytucja, która sporządziła opis (NP)
    • KR 119/EP
    • b
    • Język katalogowania
    • pol
    • e
    • Zasady katalogowania
    • rda
    • c
    • Instytucja, która sporządziła rekord (NP)
    • KR 119/EP
    • d
    • Instytucja, która zmodyfikowała rekord (P)
    • KR 119/RZ
    • d
    • Instytucja, która zmodyfikowała rekord (P)
    • KR 119/SWs
    • d
    • Instytucja, która zmodyfikowała rekord (P)
    • GL 001/IFW
    • d
    • Instytucja, która zmodyfikowała rekord (P)
    • GL 001/FAN
942 -Rodzaj dokumentu [ , ]
    • c
    • Rodzaj dokumentu
    • Książka
100 -Hasło główne - nazwa osobowa [1, ]
    • a
    • Nazwa osobowa (NP)
    • Wróblewski, Andrzej Kajetan
    • d
    • Daty biograficzne (NP)
    • (1933- ).
    • e
    • Rodzaj współpracy
    • Autor
    • 9
    • KHW
    • 25035
245 -Strefa tytułu i oznaczenia odpowiedzialności [1,0]
    • a
    • Tytuł
    • Wstęp do fizyki. Find
    • n
    • Oznaczenie części (P)
    • T. 2, cz. 1 /
    • c
    • Pozostałe elementy strefy tytułu i oznaczenia odpowiedzialności (NP)
    • Andrzej Kajetan Wróblewski, Janusz Andrzej Zakrzewski.
250 -Strefa wydania [ , ]
    • a
    • Oznaczenie wydania (NP)
    • Wydanie I.
260 -Strefa adresu wydawniczego [ , ]
    • a
    • Miejsce wydania (P)
    • Warszawa :
    • b
    • Nazwa wydawcy (P)
    • Państwowe Wydawnictwo Naukowe,
    • c
    • Data wydania (P)
    • 1989.
300 -Strefa opisu fizycznego [ , ]
    • a
    • Określenie formy książki i/lub objętość (NP)
    • 355, [5] stron :
    • b
    • Oznaczenie ilustracji (NP)
    • ilustracje ;
    • c
    • Format (NP)
    • 25 cm.
336 -Typ zawartości [ , ]
    • a
    • Termin opisujący typ zawartości
    • Tekst
    • b
    • Kod określający zawartość
    • txt
    • 2
    • Źródło (terminu i kodu)
    • rdacontent
337 -Typ mediów [ , ]
    • a
    • Tryb odtwarzania
    • Bez urządzenia pośredniczącego
    • b
    • Kod typu mediów
    • n
    • 2
    • Źródło (terminu i kodu)
    • rdamedia
338 -Typ/rodzaj nośnika [ , ]
    • a
    • Hasło opisujące typ nośnika
    • Wolumin
    • b
    • Kod typu nośnika
    • nc
    • 2
    • Źródło (terminu i kodu)
    • rdacarrier
504 -Uwaga dot. bibliogr. załącznikowej [ , ]
    • a
    • Uwaga dot. bibliografii załącznikowej
    • Indeksy.
080 -Uniwersalna Klasyfikacja Dziesiętna [ , ]
    • 2
    • Identyfikator wydania tablic
    • UDC-P058
    • a
    • Symbol klasyfikacji
    • 53
    • b
    • Dopowiedzenie
    • Fizyka.
    • 9
    • UKD
    • 8390
    • 4
    • UKD2
    • 7665
    • x
    • Poddział wspólny
    • (075.8)
    • c
    • Dopowiedzenie poddz. wspólnego
    • (Podręczniki dla szkół wyższych. Skrypty).
650 -Hasło przedmiotowe [ ,7]
    • a
    • Hasło przedmiotowe
    • Fizyka
    • v
    • Określnik formalny
    • podręczniki akademickie.
    • 2
    • Źródło terminu
    • kaba
    • 9
    • KHW
    • 358996
980 -Symbol UKD [ , ]
    • a
    • UKD
    • 53(075.8)
700 -Hasło dodatkowe - nazwa osobowa [1, ]
    • a
    • Nazwa osobowa (NP)
    • Zakrzewski, Janusz Andrzej Find
    • d
    • Daty biograficzne (NP)
    • (1932-2008).
    • e
    • Określenie rodzaju współpracy
    • Autor
    • 9
    • KHW
    • 529279
710 -Hasło dodatkowe - nazwa ciała zbiorowego [2, ]
    • a
    • Nazwa ciała zbiorowego lub nazwa geograficzna jako pierwszy element (NP)
    • Państwowe Wydawnictwo Naukowe (1951-1992).
    • e
    • Rodzaj współpracy
    • Wydawca
    • 4
    • Kod relacji
    • pbl
    • 9
    • KHW
    • 52048
920 -ISBN [ , ]
    • a
    • ISBN
    • 83-01-07012-9 Find
Lokalizacja Data inwentaryzacji Numer inwentarzowy Sygnatura Uwagi nie widoczne w OPAC Status udost.
BG2011-06-20W.161712 retrokonwersja-3
BG2011-06-20W.161713 retrokonwersja-3
BG2011-06-20W.161714 retrokonwersja-3
BG2011-06-20W.161715 retrokonwersja-3
BG2011-06-20W.161716 retrokonwersja-3
BG2011-06-20W.161717W.61430retrokonwersja2
BG2011-06-20W.161718W.61430retrokonwersja-3
BG2011-06-20W.161719W.61430retrokonwersja-3
BG2011-06-20W.161720W.61430retrokonwersja-3
BG2011-06-20W.161721W.61430retrokonwersja-3
BG2011-06-20Z.74436egz. arch.retrokonwersja1
BG2011-06-20N.13509N.13509retrokonwersja1
BG2011-06-20N.13510N.13509retrokonwersja1
BG N.13511N.13509retrokonwersja1